[Event "272nd YMCA Spring A"]
[Site "Warsaw"]
[Date "2023.05.02"]
[Round "4"]
[White "Polak, Michal"]
[Black "Kasperkiewicz, Pawel"]
[Result "1/2-1/2"]
[WhiteElo "1931"]
[BlackElo "1858"]
[PlyCount "137"]
[EventDate "2023.04.14"]
[EventType "tourn"]
[EventRounds "1"]
[EventCountry "POL"]
[SourceDate "2023.04.13"]

1. d4 e6 2. c4 b6 3. e4 Bb7 4. Bd3 Bb4+ 5. Kf1 Be7 6. Nf3 d6 7. Nc3 Nf6 8. Qe2
Nc6 9. h4 e5 10. d5 Nb4 11. h5 Nxd3 12. Qxd3 h6 13. Ng1 O-O 14. f3 c6 15. g4
cxd5 16. cxd5 Nd7 17. Be3 Bg5 18. Kf2 Nc5 19. Qd2 Bxe3+ 20. Qxe3 Qg5 21. Qxg5
hxg5 22. Nb5 Rfd8 23. Nh3 a6 24. Na3 f6 25. Nc4 a5 26. Nxb6 Rab8 27. Nc4 Ba6
28. Nxa5 Rxb2+ 29. Kg3 Ra8 30. Rhb1 Rxb1 31. Rxb1 Bd3 32. Rb6 Rxa5 33. Rxd6
Rxa2 34. Rc6 Nd7 35. Rc3 Bf1 36. Nf2 Rd2 37. Rc1 Be2 38. Rc7 Nb6 39. Rc6 Nc4
40. h6 gxh6 41. Rxf6 Kg7 42. Re6 Bf1 43. Re7+ Kf6 44. Re6+ Kf7 45. Rxh6 Nb2 46.
Rh1 Be2 47. Rh5 Kf6 48. Rh6+ Kg7 49. Re6 Nd3 50. Nxd3 Rxd3 51. Kf2 Bxf3 52.
Rxe5 Kg6 53. Re6+ Kf7 54. Re5 Bxg4 55. Rxg5 Bd7 56. Rg3 Rxg3 57. Kxg3 Kf6 58.
Kf4 Bh3 59. e5+ Ke7 60. Ke4 Bg2+ 61. Kd4 Kd7 62. Kc5 Kc7 63. e6 Bf3 64. d6+ Kd8
65. Kd4 Bg4 66. Ke5 Bxe6 67. Kxe6 Ke8 68. d7+ Kd8 69. Kd6 1/2-1/2

[Event "272nd YMCA Spring A"]
[Site "Warsaw"]
[Date "2023.05.23"]
[Round "5"]
[White "Kasperkiewicz, Pawel"]
[Black "Podgorski, Maciej"]
[Result "0-1"]
[WhiteElo "1858"]
[BlackElo "1940"]
[PlyCount "130"]
[EventDate "2023.04.14"]
[EventType "tourn"]
[EventRounds "1"]
[EventCountry "POL"]
[SourceDate "2023.04.13"]

1. c4 e5 2. Nc3 Nf6 3. g3 Bb4 4. Bg2 Bxc3 5. bxc3 O-O 6. Nf3 d6 7. O-O Re8 8.
d3 e4 9. Nd4 h6 10. Rb1 Na6 11. dxe4 Nxe4 12. Qc2 Nac5 13. f3 Nf6 14. e4 Bd7
15. Re1 Ba4 16. Qd2 Re5 17. Nf5 Qf8 18. Bf1 Rae8 19. Qf2 Bd7 20. Ne3 $11 Qe7
21. Qg2 Bc6 22. Bd2 Qd7 23. Nd5 Bxd5 24. cxd5 a6 25. Be3 b5 26. Bd4 R5e7 27.
Qd2 $11 Nh7 28. h4 Nf8 29. h5 Nh7 30. g4 Ng5 31. Bg2 c6 32. dxc6 Qxc6 33. Re3
Nce6 34. Rbe1 Nf4 35. Bf1 Qd7 36. Kh2 d5 37. e5 Rxe5 38. Rxe5 Rxe5 39. Bg2 Rxe1
40. Qxe1 Qe6 41. Qd2 Qd6 42. Kg1 Nxg2 43. Kxg2 Qh2+ 44. Kxh2 Nxf3+ 45. Kg3 Nxd2
46. Kf4 Nc4 47. Kf5 a5 48. Bc5 a4 49. Bd4 Kf8 50. Bc5+ Kg8 51. Bd4 Kh7 52. Bc5
g6+ 53. hxg6+ fxg6+ 54. Ke6 h5 55. gxh5 gxh5 56. Kxd5 h4 57. Ke4 Kg6 58. Kf4 h3
59. Kg3 Kf5 60. Kxh3 Ke4 61. Kg4 Kd3 62. Bb4 Nb6 63. Kf3 Nd5 64. Bf8 Nxc3 65.
a3 Nb1 0-1

[Event "272nd YMCA Spring A"]
[Site "Warsaw"]
[Date "2023.05.12"]
[Round "5"]
[White "Choroszej, Aleksander"]
[Black "Polak, Michal"]
[Result "0-1"]
[WhiteElo "1999"]
[BlackElo "1931"]
[PlyCount "48"]
[EventDate "2023.04.14"]
[EventType "tourn"]
[EventRounds "1"]
[EventCountry "POL"]
[SourceDate "2023.04.13"]

1. d4 d6 2. e4 Nf6 3. Nc3 g6 4. f4 Bg7 5. Nf3 O-O 6. e5 dxe5 7. fxe5 Nd5 8. Be2
c5 9. O-O cxd4 10. Qxd4 Nxc3 11. Qxc3 Nc6 12. Bf4 Qb6+ 13. Kh1 Bg4 14. h3 Bf5
15. Rad1 Rac8 16. Qb3 Qxb3 17. cxb3 Rfd8 18. Kg1 a6 19. g4 Be4 20. Nd2 Nd4 21.
Bc4 Bc2 22. Rc1 b5 23. Nf3 bxc4 24. Nxd4 Bd3 0-1

[Event "272nd YMCA Spring A"]
[Site "Warsaw"]
[Date "2023.05.16"]
[Round "5"]
[White "Kuc, Mariusz"]
[Black "Szukalski, Antoni"]
[Result "0-1"]
[WhiteElo "1672"]
[BlackElo "1680"]
[PlyCount "92"]
[EventDate "2023.04.14"]
[EventType "tourn"]
[EventRounds "1"]
[EventCountry "POL"]
[SourceDate "2023.04.13"]

1. e4 c5 2. Nc3 d6 3. Bc4 e6 4. d3 Nc6 5. f4 Nf6 6. Nf3 a6 7. a4 d5 8. exd5
exd5 9. Ba2 Be7 10. O-O O-O 11. Ne5 Nb4 12. Bb3 b6 13. Ne2 Bb7 14. c3 Nc6 15.
d4 Ne4 16. Be3 c4 17. Bc2 f5 18. Kh1 Qd6 19. Rf3 b5 20. Rh3 b4 21. Bxe4 fxe4
22. Nxc6 Bxc6 23. cxb4 Bd7 24. f5 Bxf5 25. Bf4 Qxb4 26. Re3 Bg4 27. Qc1 Bxe2
28. Rxe2 Bd6 29. Bxd6 Qxd6 30. Qg5 Ra7 31. Kg1 Raf7 32. Rb1 Rf5 33. Qe3 Qf6 34.
Ree1 Rb8 35. b3 Rxb3 36. Rxb3 cxb3 37. Qxb3 Qxd4+ 38. Kh1 Qf2 39. Rg1 h6 40. h3
e3 41. Qc3 e2 42. Kh2 Qxg1+ 43. Kxg1 Rf1+ 44. Kh2 e1=Q 45. Qc8+ Kh7 46. Qc2+
Qe4 0-1

[Event "272nd YMCA Spring A"]
[Site "Warsaw"]
[Date "2023.06.08"]
[Round "5"]
[White "Klim, Juliusz"]
[Black "Sypula, Krzysztof"]
[Result "0-1"]
[WhiteElo "1709"]
[BlackElo "1649"]
[PlyCount "48"]
[EventDate "2023.04.14"]
[EventType "tourn"]
[EventRounds "1"]
[EventCountry "POL"]
[SourceDate "2023.04.13"]

1. e4 e6 2. d4 b6 3. c4 Bb4+ 4. Bd2 Qe7 5. Bd3 Bb7 6. Nf3 Nf6 7. Qe2 Bxd2+ 8.
Nbxd2 d6 9. O-O e5 10. Nh4 g6 11. f4 exf4 12. Rxf4 Nh5 13. Raf1 Nxf4 14. Rxf4
Nc6 15. Qf2 Rf8 16. a3 a5 17. c5 dxc5 18. Bb5 O-O-O 19. d5 Nd4 20. Bc4 g5 21.
Nf5 Qe5 22. Rg4 Nxf5 23. Nf3 Qe7 24. Nxg5 Nd6 0-1

[Event "272nd YMCA Spring A"]
[Site "Warsaw"]
[Date "2023.05.12"]
[Round "5"]
[White "Kania, Tomasz"]
[Black "Kacprzak, Karol"]
[Result "1/2-1/2"]
[WhiteElo "1697"]
[BlackElo "1690"]
[PlyCount "39"]
[EventDate "2023.04.14"]
[EventType "tourn"]
[EventRounds "1"]
[EventCountry "POL"]
[SourceDate "2023.04.13"]

1. e4 e6 2. d4 d5 3. Nc3 dxe4 4. Nxe4 Nf6 5. Nxf6+ gxf6 6. Be3 Nc6 7. Nf3 Qd5
8. c3 Bd7 9. g3 e5 10. Bg2 exd4 11. Bxd4 Nxd4 12. Qxd4 Qe6+ 13. Qe3 Bh6 14.
Qxe6+ fxe6 15. Nd4 O-O-O 16. O-O e5 17. Nb3 Bb5 18. Rfd1 b6 19. Bh3+ Kb8 20.
Bg4 $11 1/2-1/2

[Event "272nd YMCA Spring A"]
[Site "Warsaw"]
[Date "2023.05.12"]
[Round "5"]
[White "Flis, Piotr"]
[Black "Kasperski, Marcin"]
[Result "1-0"]
[WhiteElo "1712"]
[BlackElo "1679"]
[PlyCount "105"]
[EventDate "2023.04.14"]
[EventType "tourn"]
[EventRounds "1"]
[EventCountry "POL"]
[SourceDate "2023.04.13"]

1. d4 Nf6 2. c4 g6 3. Nf3 Bg7 4. g3 O-O 5. Bg2 c5 6. O-O cxd4 7. Nxd4 Nc6 8.
Nc2 d6 9. Nc3 a6 10. b3 Qa5 11. Bb2 Ng4 12. Na4 Bxb2 13. Nxb2 Qh5 14. h3 Nf6
15. Nd3 g5 16. g4 Qh4 17. Nce1 Nd4 18. e3 Bxg4 19. f3 Bxh3 20. Bxh3 Qxh3 21.
exd4 g4 22. Rf2 g3 23. Rg2 Nh5 24. Qd2 Qh4 25. Nc2 f5 26. f4 Rf6 27. Re1 Rh6
28. Qe3 Kf7 29. Kf1 Qh1+ 30. Rg1 g2+ 31. Ke2 Re6 32. Ne5+ dxe5 33. Rxh1 Nxf4+
34. Kd2 exd4 35. Qxf4 gxh1=Q 36. Rxh1 Rh8 37. Nxd4 Rd6 38. Qxf5+ Ke8 39. Kc3 h6
40. Qe5 Rf8 41. Nf5 Rd7 42. Rf1 Rf6 43. Nxh6 Rxf1 44. Qb8+ Rd8 45. Qxb7 Rf6 46.
Ng4 Rfd6 47. Ne5 Kf8 48. c5 Rf6 49. Nd7+ Ke8 50. Nxf6+ exf6 51. c6 Rd1 52. Kc2
Rd5 53. a4 1-0

[Event "272nd YMCA Spring A"]
[Site "Warsaw"]
[Date "2023.05.19"]
[Round "6"]
[White "Podgorski, Maciej"]
[Black "Kasperski, Marcin"]
[Result "1-0"]
[WhiteElo "1940"]
[BlackElo "1679"]
[PlyCount "83"]
[EventDate "2023.04.14"]
[EventType "tourn"]
[EventRounds "1"]
[EventCountry "POL"]
[SourceDate "2023.04.13"]

1. e4 e6 2. d4 d5 3. Nc3 Nf6 4. Bg5 Be7 5. e5 Nfd7 6. Bxe7 Qxe7 7. f4 c5 8. Nb5
Na6 9. Nd6+ Kf8 10. Bxa6 bxa6 11. Nf3 a5 12. O-O Ba6 13. Rf2 h6 14. Qd2 Qd8 15.
f5 exf5 16. dxc5 Nxc5 17. Qxd5 Ne6 18. Nd4 g6 19. Nxe6+ fxe6 20. Qxe6 Rh7 21.
Qxg6 Rg7 22. Qxh6 Bc8 23. Nxf5 Bxf5 24. Rxf5+ Kg8 25. Qe6+ Kh8 26. Rh5+ Rh7 27.
Qf6+ Qxf6 28. Rxh7+ Kxh7 29. exf6 Kg6 30. Rf1 Kf7 31. b3 Rc8 32. Rf2 a4 33. g4
axb3 34. axb3 Rc5 35. h4 a5 36. g5 Rd5 37. g6+ Kf8 38. f7 Rd8 39. g7+ Kxg7 40.
f8=Q+ Rxf8 41. Rxf8 Kxf8 42. Kf2 1-0

[Event "272nd YMCA Spring A"]
[Site "Warsaw"]
[Date "2023.05.19"]
[Round "6"]
[White "Kacprzak, Karol"]
[Black "Flis, Piotr"]
[Result "1/2-1/2"]
[WhiteElo "1690"]
[BlackElo "1712"]
[PlyCount "111"]
[EventDate "2023.04.14"]
[EventType "tourn"]
[EventRounds "1"]
[EventCountry "POL"]
[SourceDate "2023.04.13"]

1. c4 Nf6 2. Nc3 e5 3. g3 Bb4 4. Bg2 O-O 5. Nf3 e4 6. Nd4 Nc6 7. Nxc6 dxc6 8.
O-O Re8 9. a3 Bf8 10. b3 Bf5 11. Bb2 Qd7 12. f3 exf3 13. Bxf3 Rad8 14. d4 Bh3
15. Re1 h5 16. Qd3 Ng4 17. Ne4 Qf5 18. Bxg4 Bxg4 19. Nf2 Qxd3 20. exd3 Be2 21.
Ne4 Bxd3 22. Nc5 Bxc5 23. dxc5 Bc2 24. b4 a6 25. Re5 f6 26. Rxe8+ Rxe8 27. Kf2
Bd3 28. Re1 $11 Rxe1 29. Kxe1 Kf7 30. Kd2 Bxc4 31. Kc3 Bd5 32. Kd4 Ke6 33. Bc3
Kf5 34. Ke3 Kg4 35. Kf2 Kh3 36. Kg1 h4 37. gxh4 b6 38. h5 bxc5 39. bxc5 Kg4 40.
h6 gxh6 41. Bxf6 Kf5 42. Bd8 Ke5 43. Kf2 Kd4 44. Be7 Kc4 45. Ke3 Kb3 46. Kd3
Kxa3 47. Kc3 Ka4 48. Kb2 Kb4 49. h4 $11 a5 50. Bf8 h5 51. Be7 a4 52. Bf8 a3+
53. Ka1 Be4 54. Ka2 Bd5+ 55. Ka1 Be4 56. Ka2 1/2-1/2

[Event "272nd YMCA Spring A"]
[Site "Warsaw"]
[Date "2023.06.07"]
[Round "6"]
[White "Sypula, Krzysztof"]
[Black "Kania, Tomasz"]
[Result "0-1"]
[WhiteElo "1649"]
[BlackElo "1697"]
[PlyCount "111"]
[EventDate "2023.04.14"]
[EventType "tourn"]
[EventRounds "1"]
[EventCountry "POL"]
[SourceDate "2023.04.13"]

1. d4 Nf6 2. c4 e6 3. Nf3 Bb4+ 4. Bd2 Qe7 5. a3 Bxd2+ 6. Qxd2 O-O 7. Nc3 d6 8.
e4 e5 9. d5 a5 10. g3 Na6 11. Bg2 Bg4 12. O-O Nc5 13. Qc2 Bxf3 14. Bxf3 a4 15.
Rad1 h5 16. h4 Qd7 17. Bg2 Rfe8 18. f3 g6 19. Kh2 Kg7 20. Bh3 Qe7 21. Rf2 Nh7
22. f4 f6 23. Rdf1 Rf8 24. Qe2 Qe8 25. g4 exf4 26. gxh5 Qe5 27. Qg4 g5 28. Qf5
Qxf5 29. Bxf5 Rh8 30. Nb5 Nf8 31. Nxc7 Rd8 32. Bg4 Nd3 33. Rd2 Ne5 34. Bd1 Nxc4
35. Rd4 Ne3 36. Re1 Nxd1 37. Rexd1 Rxh5 38. Ne6+ Nxe6 39. dxe6 Rxh4+ 40. Kg2
Rdh8 41. Kf3 Rh2 42. R1d2 R2h3+ 43. Kf2 g4 44. Rxd6 Rh1 45. Rd7+ Kg6 46. Ke2
R1h2+ 47. Ke1 Rxd2 48. Kxd2 Re8 49. e7 Kf7 50. Rxb7 Rxe7 51. Rb4 Rd7+ 52. Ke2
Rc7 53. Rxa4 Rc2+ 54. Kd3 Rxb2 55. Ra7+ Kg6 56. e5 0-1

[Event "272nd YMCA Spring A"]
[Site "Warsaw"]
[Date "2023.05.17"]
[Round "6"]
[White "Szukalski, Antoni"]
[Black "Klim, Juliusz"]
[Result "0-1"]
[WhiteElo "1680"]
[BlackElo "1709"]
[PlyCount "112"]
[EventDate "2023.04.14"]
[EventType "tourn"]
[EventRounds "1"]
[EventCountry "POL"]
[SourceDate "2023.04.13"]

1. d4 d5 2. c4 e6 3. Nf3 Nf6 4. Nc3 c6 5. e3 Nbd7 6. Bd3 dxc4 7. Bxc4 b5 8. Bd3
Bb7 9. O-O a6 10. a3 c5 11. Re1 Bd6 12. Be2 O-O 13. dxc5 Nxc5 14. b4 Nce4 15.
Nxe4 Nxe4 16. Bb2 Be7 17. Rc1 Rc8 18. Rxc8 Qxc8 19. Qc1 Bd5 20. Qa1 Bf6 21.
Bxf6 Nxf6 22. Rc1 Qb7 23. Qc3 Ne4 24. Qc2 Nd6 25. Ne1 Rc8 26. Qb1 Nc4 27. Rc3
Rd8 28. Qc1 g6 29. f3 Ne5 30. Nd3 Bc4 31. Nc5 Qb6 32. Kf2 Bxe2 33. Kxe2 Nc4 34.
Rd3 Rxd3 35. Nxd3 Qd6 36. g3 h5 37. Nc5 h4 38. f4 hxg3 39. hxg3 Qd5 40. Nxa6
Qg2+ 41. Kd3 Nb2+ 42. Kc3 Na4+ 43. Kd3 Nb2+ 44. Kc3 Na4+ 45. Kd3 Qd5+ 46. Ke2
Qg2+ 47. Kd3 e5 48. fxe5 Qd5+ 49. Ke2 Qxe5 50. Nc5 Nc3+ 51. Kf3 Qh5+ 52. Kg2
Qe2+ 53. Kh3 Qh5+ 54. Kg2 Qe2+ 55. Kh3 $11 Nd1 56. e4 Nf2+ 0-1

[Event "272nd YMCA Spring A"]
[Site "Warsaw"]
[Date "2023.05.18"]
[Round "6"]
[White "Kasperkiewicz, Pawel"]
[Black "Choroszej, Aleksander"]
[Result "0-1"]
[WhiteElo "1858"]
[BlackElo "1999"]
[PlyCount "72"]
[EventDate "2023.04.14"]
[EventType "tourn"]
[EventRounds "1"]
[EventCountry "POL"]
[SourceDate "2023.04.13"]

1. b3 e5 2. Bb2 d6 3. c4 Nf6 4. g3 g6 5. Bg2 Bg7 6. Nc3 O-O 7. e3 Nc6 8. Nge2
Bg4 9. h3 Bf5 10. e4 Bd7 11. O-O Nd4 12. Nxd4 exd4 13. Ne2 c5 14. d3 b5 15.
cxb5 Bxb5 16. b4 Rc8 17. bxc5 dxc5 18. Nf4 Re8 19. Qb3 Qa5 20. Rfc1 Ba4 21. Qa3
Bf8 22. Rc4 Qd2 23. e5 g5 24. Rf1 gxf4 25. Bc1 Qe2 26. Bxf4 Bb5 27. Qb3 Bxc4
28. Qxc4 Nd7 29. Bd5 Nxe5 30. Bxe5 Rxe5 31. Bxf7+ Kh8 32. Qa6 Rb8 33. Bb3 Bg7
34. Qxa7 Rf8 35. Bc4 Qf3 36. Qa5 Re2 0-1

[Event "272nd YMCA Spring A"]
[Site "Warsaw"]
[Date "2023.05.26"]
[Round "7"]
[White "Choroszej, Aleksander"]
[Black "Podgorski, Maciej"]
[Result "1-0"]
[WhiteElo "1999"]
[BlackElo "1940"]
[PlyCount "87"]
[EventDate "2023.04.14"]
[EventType "tourn"]
[EventRounds "1"]
[EventCountry "POL"]
[SourceDate "2023.04.13"]

1. d4 Nf6 2. c4 e6 3. Nc3 Bb4 4. f3 c5 5. d5 b5 6. e4 d6 7. Nge2 bxc4 8. Nf4 e5
9. Nfe2 Nbd7 10. Ng3 Nb6 11. Be2 Ng8 12. O-O Ne7 13. f4 exf4 14. Bxf4 Ng6 15.
Qc1 Bxc3 16. Qxc3 O-O 17. Nh5 f6 18. Qg3 Re8 19. Bxd6 Rxe4 20. Bf3 Re8 21. Bc7
Qe7 22. Rae1 Qf7 23. Rxe8+ Qxe8 24. d6 Bd7 25. Re1 Qf8 26. Bxb6 axb6 27. Bxa8
Qxa8 28. Re7 Qd5 29. Rxg7+ Kf8 30. Qf3 Qd4+ 31. Qf2 Qd1+ 32. Qf1 Qd4+ 33. Kh1
Bc6 34. Rxh7 Ke8 35. d7+ Kd8 36. Qxf6+ Qxf6 37. Nxf6 b5 38. h4 Kc7 39. h5 Ne5
40. h6 b4 41. Re7 Ng6 42. Re3 Ba4 43. h7 Bc2 44. Re8 1-0

[Event "272nd YMCA Spring A"]
[Site "Warsaw"]
[Date "2023.05.25"]
[Round "7"]
[White "Kuc, Mariusz"]
[Black "Kasperkiewicz, Pawel"]
[Result "0-1"]
[WhiteElo "1672"]
[BlackElo "1858"]
[PlyCount "106"]
[EventDate "2023.04.14"]
[EventType "tourn"]
[EventRounds "1"]
[EventCountry "POL"]
[SourceDate "2023.04.13"]

1. e4 e6 2. d4 d5 3. e5 c5 4. c3 Nc6 5. Nf3 Bd7 6. a3 f6 7. Bd3 fxe5 8. Nxe5
Nxe5 9. dxe5 Ne7 10. O-O Qc7 11. f4 O-O-O 12. Be3 Kb8 13. Nd2 Be8 14. Qg4 Qc8
15. b4 c4 16. Bc2 Bg6 17. Bxg6 Nxg6 18. Nf3 Ne7 19. Ng5 Nf5 20. Bf2 Qd7 21. Qe2
h6 22. Nf3 g5 23. fxg5 hxg5 24. Nxg5 Bh6 25. Nh3 Rdg8 26. Kh1 Qg7 27. Rg1 Qg4
28. Rae1 a6 29. a4 Qxe2 30. Rxe2 Rg4 31. Rd1 Rhg8 32. g3 Kc7 33. Bg1 Rh8 34.
Rf1 Rd8 35. Nf2 Rg7 36. Nd1 Rxg3 37. Rxf5 Rxg1+ 38. Kxg1 exf5 39. Rg2 Rd7 40.
Kf1 Rg7 41. Rf2 Rg4 42. Rf3 Rf4 43. Kg2 Rxf3 44. Kxf3 Kd7 45. a5 Ke6 46. Nb2
Kxe5 47. Na4 d4 48. cxd4+ Kxd4 49. Ke2 Bf8 50. Nc5 Bxc5 51. bxc5 f4 52. h4 Ke5
53. Kf3 c3 0-1

[Event "272nd YMCA Spring A"]
[Site "Warsaw"]
[Date "2023.05.23"]
[Round "7"]
[White "Klim, Juliusz"]
[Black "Polak, Michal"]
[Result "1-0"]
[WhiteElo "1709"]
[BlackElo "1931"]
[PlyCount "115"]
[EventDate "2023.04.14"]
[EventType "tourn"]
[EventRounds "1"]
[EventCountry "POL"]
[SourceDate "2023.04.13"]

1. e4 c5 2. Nf3 g6 3. d4 cxd4 4. Nxd4 Bg7 5. c4 Nc6 6. Be3 Nf6 7. Nc3 O-O 8.
Be2 d6 9. O-O Bd7 10. Qd2 Nxd4 11. Bxd4 Bc6 12. f3 a5 13. b3 Nd7 14. Bf2 Nc5
15. Rad1 Qb6 16. Nb5 Rfc8 17. h4 h5 18. Qg5 Bf6 19. Qe3 Qd8 20. e5 Bxe5 21.
Qxe5 dxe5 22. Rxd8+ Rxd8 23. Bxc5 Rd2 24. Re1 Kf8 25. a4 Rb2 26. Bf1 f6 27. Re3
Rd8 28. Rd3 Rxd3 29. Bxd3 f5 30. Bb6 Rxb3 31. Be2 Rb4 32. Bxa5 Rxa4 33. Bc7 e4
34. fxe4 Bxe4 35. Kf2 Rb4 36. Nc3 Bc6 37. g3 Kf7 38. Ke3 Kf6 39. Kd4 Rb2 40.
Bf4 Rb3 41. Bg5+ Kf7 42. Bf4 Kf6 43. Nd5+ Bxd5 44. cxd5 Rb2 45. Bc4 b5 46. Be5+
Kf7 47. Kc5 Rf2 48. Kxb5 Kf8 49. Bf4 Rf3 50. Kc6 Rc3 51. Kc5 Rc2 52. Kd4 Kg7
53. Bg5 Kf8 54. Bh6+ Ke8 55. Bb5+ Kd8 56. Bg5 Rb2 57. Kc5 Rc2+ 58. Kb6 1-0

[Event "272nd YMCA Spring A"]
[Site "Warsaw"]
[Date "2023.05.26"]
[Round "7"]
[White "Kania, Tomasz"]
[Black "Szukalski, Antoni"]
[Result "1-0"]
[WhiteElo "1697"]
[BlackElo "1680"]
[PlyCount "85"]
[EventDate "2023.04.14"]
[EventType "tourn"]
[EventRounds "1"]
[EventCountry "POL"]
[SourceDate "2023.04.13"]

1. d4 d5 2. c4 c6 3. cxd5 cxd5 4. Bf4 Nf6 5. e3 e6 6. Nc3 Bb4 7. Bd3 Nc6 8. a3
Bd6 9. Bxd6 Qxd6 10. f4 a6 11. Nf3 b5 12. Ne5 Ne7 13. O-O Nf5 14. Qf3 Bd7 15.
g4 Ne7 16. Rac1 Bc6 17. g5 Nd7 18. Ne2 Rc8 19. Ng3 f5 20. gxf6 Nxf6 21. Kh1 g6
22. Rc2 O-O 23. Rg1 Kh8 24. Rcg2 Be8 25. Qd1 Nf5 26. Nxf5 exf5 27. Qe1 Ne4 28.
Qh4 Rf6 29. Qh6 Rc7 30. Qh4 Kg7 31. Qe1 h6 32. Qd1 Kh7 33. Qb3 Rc8 34. Rc2 Rxc2
35. Qxc2 Bd7 36. Rc1 Be8 37. Bxe4 fxe4 38. Qc8 Rf8 39. Rc7+ Kg8 40. Qb7 Qf6 41.
Qxd5+ Bf7 42. Rxf7 Rxf7 43. Nxf7 1-0

[Event "272nd YMCA Spring A"]
[Site "Warsaw"]
[Date "2023.06.14"]
[Round "7"]
[White "Flis, Piotr"]
[Black "Sypula, Krzysztof"]
[Result "0-1"]
[WhiteElo "1712"]
[BlackElo "1649"]
[PlyCount "98"]
[EventDate "2023.04.14"]
[EventType "tourn"]
[EventRounds "1"]
[EventCountry "POL"]
[SourceDate "2023.04.13"]

1. Nf3 g6 2. g3 Nf6 3. Bg2 Bg7 4. O-O d6 5. d4 O-O 6. c4 Na6 7. Nc3 c5 8. e4
Bg4 9. Be3 Qc8 10. Rc1 cxd4 11. Bxd4 Nc5 12. Re1 Nfd7 13. Bxg7 Kxg7 14. Qd4+
Kg8 15. Nd5 Re8 16. h3 Bxf3 17. Bxf3 Ne5 18. Bg2 Ncd3 19. f4 Nxe1 20. Rxe1 Nd7
21. b3 e6 22. Nf6+ Nxf6 23. Qxf6 Qc5+ 24. Kh2 Qf2 25. Rf1 Qe2 26. g4 Rac8 27.
f5 exf5 28. gxf5 Rc7 29. fxg6 hxg6 30. Rf4 Qh5 31. Kh1 Qe5 32. Qh4 Kg7 33. Rf2
b5 34. Qg4 bxc4 35. Rf5 Qa1+ 36. Rf1 Qxa2 37. bxc4 Qxc4 38. Qf4 Qd4 39. Bf3 Rh8
40. Bg4 Re7 41. Re1 Qe5 42. Qf2 d5 43. Re3 dxe4 44. Rg3 e3 45. Qe1 Qd5+ 46. Rg2
e2 47. Qc3+ f6 48. Bxe2 Rhe8 49. Qc2 Qxg2+ 0-1

[Event "272nd YMCA Spring A"]
[Site "Warsaw"]
[Date "2023.05.26"]
[Round "7"]
[White "Kasperski, Marcin"]
[Black "Kacprzak, Karol"]
[Result "0-1"]
[WhiteElo "1679"]
[BlackElo "1690"]
[PlyCount "70"]
[EventDate "2023.04.14"]
[EventType "tourn"]
[EventRounds "1"]
[EventCountry "POL"]
[SourceDate "2023.04.13"]

1. c4 e5 2. g3 Nc6 3. Bg2 Nf6 4. Nc3 Bb4 5. Nf3 Bxc3 6. dxc3 h6 7. O-O d6 8.
Qc2 O-O 9. Rd1 Qe7 10. Nh4 Be6 11. Nf5 Qd7 12. Ne3 Bh3 13. Bf3 Rae8 14. Nd5
Nxd5 15. Bxd5 Ne7 16. Bxb7 c6 17. Ba6 f5 18. c5 f4 19. Rxd6 fxg3 20. Bc4+ Kh8
21. hxg3 Qg4 22. Be6 Qh5 23. Bxh3 Qxh3 24. e4 Rf3 25. Rd3 Ref8 26. Rxf3 Rxf3
27. Qe2 Qg4 28. Qe1 Ng6 29. Kf1 Qxg3 30. Ke2 Nf4+ 31. Bxf4 Qxf4 32. Kf1 Rh3 33.
Ke2 Qxe4+ 34. Kd2 Rd3+ 35. Kc2 Re3+ 0-1

[Event "272nd YMCA Spring A"]
[Site "Warsaw"]
[Date "2023.06.01"]
[Round "8"]
[White "Sypula, Krzysztof"]
[Black "Kasperski, Marcin"]
[Result "1-0"]
[WhiteElo "1649"]
[BlackElo "1679"]
[PlyCount "61"]
[EventDate "2023.04.14"]
[EventType "tourn"]
[EventRounds "1"]
[EventCountry "POL"]
[SourceDate "2023.04.13"]

1. d4 b5 2. e4 Bb7 3. f3 a6 4. Be3 e6 5. Bd3 Nf6 6. Ne2 d5 7. e5 Nfd7 8. c3 c5
9. O-O Nc6 10. f4 f5 11. Nd2 Be7 12. Nf3 O-O 13. dxc5 Nxc5 14. Ned4 Qd7 15. Bc2
Ne4 16. Nxc6 Bxc6 17. Bxe4 fxe4 18. Nd4 g6 19. b4 Qc8 20. g4 Bd7 21. Qd2 Qc4
22. Rac1 a5 23. a3 a4 24. f5 exf5 25. e6 f4 26. Bxf4 Bc8 27. Be5 g5 28. Rxf8+
Kxf8 29. Qf2+ Ke8 30. Qf7+ Kd8 31. Qg8+ 1-0

[Event "272nd YMCA Spring A"]
[Site "Warsaw"]
[Date "2023.05.31"]
[Round "8"]
[White "Szukalski, Antoni"]
[Black "Flis, Piotr"]
[Result "1-0"]
[WhiteElo "1680"]
[BlackElo "1712"]
[PlyCount "64"]
[EventDate "2023.04.14"]
[EventType "tourn"]
[EventRounds "1"]
[EventCountry "POL"]
[SourceDate "2023.04.13"]

1. d4 e6 2. e4 d5 3. Nd2 c5 4. c3 cxd4 5. cxd4 dxe4 6. Nxe4 Nf6 7. Nxf6+ Qxf6
8. Nf3 Nc6 9. Bb5 Bb4+ 10. Bd2 Bxd2+ 11. Qxd2 Bd7 12. O-O a6 13. Ba4 Rd8 14.
Rfe1 O-O 15. Rad1 Ne7 16. Bb3 Bc6 17. Ne5 Bd5 18. Bc2 Nc6 19. Nxc6 Bxc6 20. Be4
Bxe4 21. Rxe4 Rd5 22. f4 Rfd8 23. Qe3 g6 24. a3 Rc8 25. g3 Qd8 26. Qd3 Qb6 27.
Rd2 Rc1+ 28. Kg2 Qc6 29. Qf3 Rb5 30. Re3 Rc2 31. Ree2 Rxd2 32. Rxd2 Rxb2 1-0

[Event "272nd YMCA Spring A"]
[Site "Warsaw"]
[Date "2023.06.21"]
[Round "8"]
[White "Polak, Michal"]
[Black "Kania, Tomasz"]
[Result "1-0"]
[WhiteElo "1931"]
[BlackElo "1697"]
[PlyCount "69"]
[EventDate "2023.04.14"]
[EventType "tourn"]
[EventRounds "1"]
[EventCountry "POL"]
[SourceDate "2023.04.13"]

1. d4 Nf6 2. Nf3 e6 3. g3 b6 4. Bg2 Bb7 5. c4 d5 6. Ne5 Bb4+ 7. Bd2 Bxd2+ 8.
Nxd2 O-O 9. O-O Nbd7 10. cxd5 Nxe5 11. dxe5 Nxd5 12. Rc1 Ba6 13. Re1 Qd7 14.
Nc4 Rfd8 15. a3 Rac8 16. Qb3 Qb5 17. Qc2 Qxc4 18. Qxc4 Bxc4 19. Rxc4 c5 20. Rd1
b5 21. Rc2 Rc7 22. e4 c4 23. exd5 exd5 24. Rcd2 c3 25. bxc3 Rxc3 26. Rxd5 Rxd5
27. Rxd5 Kf8 28. Rxb5 Rxa3 29. Bd5 Ra1+ 30. Kg2 Rd1 31. Rb8+ Ke7 32. Rb7+ Ke8
33. Bxf7+ Kf8 34. e6 Re1 35. Rxa7 1-0

[Event "272nd YMCA Spring A"]
[Site "Warsaw"]
[Date "2023.06.07"]
[Round "8"]
[White "Kasperkiewicz, Pawel"]
[Black "Klim, Juliusz"]
[Result "1/2-1/2"]
[WhiteElo "1858"]
[BlackElo "1709"]
[PlyCount "80"]
[EventDate "2023.04.14"]
[EventType "tourn"]
[EventRounds "1"]
[EventCountry "POL"]
[SourceDate "2023.04.13"]

1. c4 Nf6 2. Nf3 e6 3. g3 d5 4. Bg2 dxc4 5. O-O Nbd7 6. Qa4 a6 7. Qxc4 b5 8.
Qc2 Bb7 9. d4 c5 10. a4 Be7 11. axb5 axb5 12. Rxa8 Qxa8 13. dxc5 Nxc5 14. Be3
Nce4 15. Nd4 O-O 16. Nxb5 Nxg3 17. Bxb7 Qxb7 18. hxg3 Qxb5 19. f3 Rb8 20. Nc3
Qxb2 21. Qxb2 Rxb2 22. Rb1 Rxb1+ 23. Nxb1 Nd5 24. Bf2 f5 25. Nd2 Kf7 26. Nc4
Nc3 27. Kf1 Bf6 28. Be1 g5 29. Bxc3 Bxc3 30. e4 Kf6 31. exf5 exf5 32. g4 Be5
33. Ne3 Bf4 34. Nxf5 h5 35. Kg2 Ke5 36. Ng7 h4 37. Nf5 Bd2 38. Nxh4 gxh4 39.
f4+ Kxf4 40. g5 Bc3 $11 1/2-1/2

[Event "272nd YMCA Spring A"]
[Site "Warsaw"]
[Date "2023.06.01"]
[Round "8"]
[White "Choroszej, Aleksander"]
[Black "Kuc, Mariusz"]
[Result "1-0"]
[WhiteElo "1999"]
[BlackElo "1672"]
[PlyCount "67"]
[EventDate "2023.04.14"]
[EventType "tourn"]
[EventRounds "1"]
[EventCountry "POL"]
[SourceDate "2023.04.13"]

1. d4 f5 2. Bg5 h6 3. Bh4 g5 4. Bg3 d6 5. e3 Nf6 6. Nc3 Be6 7. Bd3 Bg7 8. h4
Qd7 9. hxg5 hxg5 10. Rxh8+ Bxh8 11. d5 Bf7 12. Nh3 g4 13. Nf4 c6 14. Qe2 cxd5
15. O-O-O a6 16. Bh4 e6 17. f3 Qc7 18. e4 gxf3 19. gxf3 fxe4 20. fxe4 d4 21. e5
dxe5 22. Bxf6 Bxf6 23. Ne4 exf4 24. Nxf6+ Kd8 25. Rh1 e5 26. Qg4 e4 27. Bxe4
Qe5 28. Bxb7 Ra7 29. Qc8+ Ke7 30. Ng4 Qd6 31. Re1+ Be6 32. Nh6 Kf6 33. Qh8+ Kg6
34. Rg1+ 1-0